000 00658nam a2200193Ia 4500
003 GCL
008 140319s9999 xx 000 0 ara d
040 _aGCL /
_cGCL
082 0 4 _a813.01
_bا ق
100 1 _aالسيد عبدالرؤوف
245 1 0 _aالقطار والحبل /
_cالسيد عبدالرؤوف
260 _a[S.N] :
_bمنشورات دار الافاق الجديدة ،
_c1980
300 _a259 ص
490 _aالهيئة العامة للاستعلامات
_v0
650 0 4 _aالادب العربى
650 0 4 _aالقصص العربية القصيرة
650 0 4 _aالحاسبات الالكترونية
942 _2ddc
_cBK
999 _c38522
_d38522